000
00199 a2200097 4500
001
1169
100
_a
Davidge, H.T
245
_a
Technical electricity
260
_a
_b
Tutocial
_c
090
_c
731
_d
731
942
_a
NUST-CAE
_c
M
_c
33945
999
_c
236242
_d
236242